<?xml version="1.0" encoding="UTF-8"?>
<collection xmlns="http://www.loc.gov/MARC21/slim">
<record>
  <controlfield tag="001">134819</controlfield>
  <controlfield tag="005">20260311132632.0</controlfield>
  <datafield tag="020" ind1=" " ind2=" ">
    <subfield code="a">978-84-10174-00-9</subfield>
  </datafield>
  <datafield tag="037" ind1=" " ind2=" ">
    <subfield code="a">BOOK-2024-131</subfield>
  </datafield>
  <datafield tag="041" ind1=" " ind2=" ">
    <subfield code="a">spa</subfield>
  </datafield>
  <datafield tag="100" ind1=" " ind2=" ">
    <subfield code="a">Bueso Guillén, Pedro José</subfield>
  </datafield>
  <datafield tag="245" ind1=" " ind2=" ">
    <subfield code="a">Aproximación a las novedades en el Derecho de defensa de la competencia de la Unión Europea en el tratamiento del uso de internet por el distribuidor autorizado en los sistemas de distribución selectiva</subfield>
  </datafield>
  <datafield tag="250" ind1=" " ind2=" ">
    <subfield code="a">1ª ed.</subfield>
  </datafield>
  <datafield tag="260" ind1=" " ind2=" ">
    <subfield code="a">Barcelona</subfield>
    <subfield code="b">Atelier</subfield>
    <subfield code="c">2023</subfield>
  </datafield>
  <datafield tag="300" ind1=" " ind2=" ">
    <subfield code="a">259-281</subfield>
  </datafield>
  <datafield tag="500" ind1=" " ind2=" ">
    <subfield code="a">Enlace a la obra completa: https://doi.org/10.71237/hRKVD9Ew. Los medios necesarios para la presentación en el Congreso Nacional “Servicios de intermediación contractual prestados por plataformas digitales y responsabilidad civil” de la ponencia que trae causa este trabajo, así como para la elaboración del mismo, han sido financiados por el Grupo de Investigación de Referencia del Gobierno de Aragón “Gestión jurídica de negocios, instrumentos y organizaciones innovadoras – LegMiBIO” (S12_23R), así como por el proyecto de investigación de la convocatoria de Proyectos de Generación de Conocimiento 2022 modalidad Investigación No Orientada Tipo B, concedido en marco del Programa Estatal para Impulsar la Investigación Científico-Técnica y su Transferencia, del Plan Estatal de Investigación Científica, Técnica y de Innovación 2021-2023 del Ministerio de Ciencia, Innovación y Universidades, titulado “Blockchain y Derecho societario (2). Bigdata, Fintech y la protección del usuario de los servicios financieros” (PID2022-137502NB-I00).</subfield>
  </datafield>
  <datafield tag="856" ind1="0" ind2=" ">
    <subfield code="f">agroca@unizar.es</subfield>
  </datafield>
  <datafield tag="856" ind1="4" ind2=" ">
    <subfield code="s">284475</subfield>
    <subfield code="u">http://zaguan.unizar.es/record/134819/files/BOOK-2024-131.pdf</subfield>
    <subfield code="y">Texto completo</subfield>
    <subfield code="z">Texto completo</subfield>
  </datafield>
  <datafield tag="909" ind1="C" ind2="O">
    <subfield code="o">oai:zaguan.unizar.es:134819</subfield>
    <subfield code="p">books</subfield>
  </datafield>
  <datafield tag="980" ind1=" " ind2=" ">
    <subfield code="a">BOOK</subfield>
    <subfield code="b">CAPITULOS</subfield>
  </datafield>
  <datafield tag="773" ind1=" " ind2=" ">
    <subfield code="t">Cooperación y mercados digitales</subfield>
  </datafield>
  <datafield tag="506" ind1=" " ind2=" ">
    <subfield code="a">all-rights-reserved</subfield>
  </datafield>
  <datafield tag="540" ind1=" " ind2=" ">
    <subfield code="9">info:eu-repo/semantics/openAccess</subfield>
  </datafield>
</record>
</collection>